<?xml version="1.0" encoding="UTF-8"?>
<record
    xmlns:xsi="http://www.w3.org/2001/XMLSchema-instance"
    xsi:schemaLocation="http://www.loc.gov/MARC21/slim http://www.loc.gov/standards/marcxml/schema/MARC21slim.xsd"
    xmlns="http://www.loc.gov/MARC21/slim">

  <leader>00740nam a22001337a 4500</leader>
  <datafield tag="040" ind1=" " ind2=" ">
    <subfield code="c">RUA </subfield>
  </datafield>
  <datafield tag="082" ind1=" " ind2=" ">
    <subfield code="a">FIS NGY 2003 B175 Or.1</subfield>
  </datafield>
  <datafield tag="100" ind1=" " ind2=" ">
    <subfield code="a">NGY VICHET; &#x1784;&#x17B8; &#x179C;&#x17B7;&#x1785;&#x17B7;&#x178F;&#x17D2;&#x179A;</subfield>
  </datafield>
  <datafield tag="245" ind1=" " ind2=" ">
    <subfield code="a">The semi-artifcial breeding of snake skin gourami(Trichogaster pectoralis) at the royal university of agriculture, &#x1780;&#x17B6;&#x179A;&#x1794;&#x1784;&#x17D2;&#x1780;&#x17B6;&#x178F;&#x17CB;&#x178F;&#x17D2;&#x179A;&#x17B8;&#x1780;&#x1793;&#x17D2;&#x1792;&#x179A; &#x178F;&#x17B6;&#x1798;&#x179B;&#x1780;&#x17D2;&#x1781;&#x178E;&#x17C8;&#x1796;&#x17B6;&#x1780;&#x17CB;&#x1780;&#x178E;&#x17D2;&#x178A;&#x17B6;&#x179B; &#x179F;&#x17B7;&#x1794;&#x17D2;&#x1794;&#x1793;&#x17B7;&#x1798;&#x17D2;&#x1798;&#x17B7;&#x178F; &#x1793;&#x17C5;&#x179F;&#x17B6;&#x1780;&#x179B;&#x179C;&#x17B7;&#x1791;&#x17D2;&#x1799;&#x17B6;&#x179B;&#x17D0;&#x1799;&#x1797;&#x17BC;&#x1798;&#x17B7;&#x1793;&#x17D2;&#x1791;&#x1780;&#x179F;&#x17B7;&#x1780;&#x1798;&#x17D2;&#x1798;.</subfield>
  </datafield>
  <datafield tag="260" ind1=" " ind2=" ">
    <subfield code="a">Phnom Penh </subfield>
    <subfield code="b">RUA </subfield>
    <subfield code="c">2003</subfield>
  </datafield>
  <datafield tag="300" ind1=" " ind2=" ">
    <subfield code="a">iv; 30p.</subfield>
    <subfield code="b">ill.</subfield>
    <subfield code="c">29cm.</subfield>
  </datafield>
  <datafield tag="856" ind1=" " ind2=" ">
    <subfield code="u">https://drive.google.com/file/d/1KV7_IW3xTLFaNL1WTBlHvrEGOGQu57Bc/view?usp=sharing</subfield>
  </datafield>
  <datafield tag="942" ind1=" " ind2=" ">
    <subfield code="c">FIS</subfield>
  </datafield>
  <datafield tag="999" ind1=" " ind2=" ">
    <subfield code="c">3877</subfield>
    <subfield code="d">3877</subfield>
  </datafield>
  <datafield tag="952" ind1=" " ind2=" ">
    <subfield code="0">0</subfield>
    <subfield code="1">0</subfield>
    <subfield code="2">ddc</subfield>
    <subfield code="4">0</subfield>
    <subfield code="6">FIS_NGY_2003_000000000000000_B175_OR_1</subfield>
    <subfield code="7">0</subfield>
    <subfield code="9">19532</subfield>
    <subfield code="a">LBB</subfield>
    <subfield code="b">LBB</subfield>
    <subfield code="c">B175</subfield>
    <subfield code="d">2015-12-02</subfield>
    <subfield code="o">FIS NGY 2003 B175 Or.1</subfield>
    <subfield code="p">RUA043257</subfield>
    <subfield code="r">2015-12-02</subfield>
    <subfield code="w">2015-12-02</subfield>
    <subfield code="y">FIS</subfield>
  </datafield>
  <datafield tag="952" ind1=" " ind2=" ">
    <subfield code="0">0</subfield>
    <subfield code="1">0</subfield>
    <subfield code="2">ddc</subfield>
    <subfield code="4">0</subfield>
    <subfield code="6">FIS_NGY_2003_000000000000000_B175_OR_2</subfield>
    <subfield code="7">0</subfield>
    <subfield code="9">19533</subfield>
    <subfield code="a">LBB</subfield>
    <subfield code="b">LBB</subfield>
    <subfield code="c">B175</subfield>
    <subfield code="d">2015-12-02</subfield>
    <subfield code="o">FIS NGY 2003 B175 Or.2</subfield>
    <subfield code="p">RUA026581</subfield>
    <subfield code="r">2015-12-02</subfield>
    <subfield code="w">2015-12-02</subfield>
    <subfield code="y">FIS</subfield>
  </datafield>
  <datafield tag="952" ind1=" " ind2=" ">
    <subfield code="0">0</subfield>
    <subfield code="1">0</subfield>
    <subfield code="2">ddc</subfield>
    <subfield code="4">0</subfield>
    <subfield code="6">FIS_NGY_2003_000000000000000_B175_OR_3</subfield>
    <subfield code="7">0</subfield>
    <subfield code="9">19534</subfield>
    <subfield code="a">LBB</subfield>
    <subfield code="b">LBB</subfield>
    <subfield code="c">B175</subfield>
    <subfield code="d">2015-12-02</subfield>
    <subfield code="o">FIS NGY 2003 B175 Or.3</subfield>
    <subfield code="p">RUA026837</subfield>
    <subfield code="r">2015-12-02</subfield>
    <subfield code="w">2015-12-02</subfield>
    <subfield code="y">FIS</subfield>
  </datafield>
  <datafield tag="952" ind1=" " ind2=" ">
    <subfield code="0">0</subfield>
    <subfield code="1">0</subfield>
    <subfield code="2">ddc</subfield>
    <subfield code="4">0</subfield>
    <subfield code="6">FIS_NGY_2003_000000000000000_B175_OR_4</subfield>
    <subfield code="7">0</subfield>
    <subfield code="9">19535</subfield>
    <subfield code="a">LBB</subfield>
    <subfield code="b">LBB</subfield>
    <subfield code="c">B175</subfield>
    <subfield code="d">2015-12-02</subfield>
    <subfield code="o">FIS NGY 2003 B175 Or.4</subfield>
    <subfield code="p">RUA026765</subfield>
    <subfield code="r">2015-12-02</subfield>
    <subfield code="w">2015-12-02</subfield>
    <subfield code="y">FIS</subfield>
  </datafield>
  <datafield tag="952" ind1=" " ind2=" ">
    <subfield code="0">0</subfield>
    <subfield code="1">0</subfield>
    <subfield code="2">ddc</subfield>
    <subfield code="4">0</subfield>
    <subfield code="6">FIS_NGY_2003_000000000000000_B175_OR_5</subfield>
    <subfield code="7">0</subfield>
    <subfield code="9">19536</subfield>
    <subfield code="a">LBB</subfield>
    <subfield code="b">LBB</subfield>
    <subfield code="c">B175</subfield>
    <subfield code="d">2015-12-02</subfield>
    <subfield code="o">FIS NGY 2003 B175 Or.5</subfield>
    <subfield code="p">RUA027933</subfield>
    <subfield code="r">2015-12-02</subfield>
    <subfield code="w">2015-12-02</subfield>
    <subfield code="y">FIS</subfield>
  </datafield>
</record>
